Białas & Lanek - POLON - Statystyki

Ogólne statystyki
  • Ten quiz został rozwiązany 201 razy
  • Średni wynik to 14 z 27
Statystyki odpowiedzi
Nazwa piosenki % Poprawnych
POLON
90%
GANGES
70%
HOW
67%
Koło
67%
prePOLON
65%
Ale ja nie
59%
Na Serio
57%
Osiedle Botox
57%
SIMIA
56%
JAK SKEPTA
54%
#FREEBIALAS
51%
Weed Carrier
48%
Puk puk
47%
Fraktale
46%
Karim Benzema
46%
Medusa
46%
XOrcyzmy
46%
BIDA
45%
Fake Polo
44%
Noah
44%
Czekam na ciebie
42%
Problemy
42%
S01E01
41%
Znam cię
40%
Klęska urodzaju
39%
Wrum wrum
35%
It's my live
32%
Nie znaleziono quizów pasujących do podanych kryteriów
Rozkład punktacji
Procent ludzi z każdym wynikiem
Percentyl według liczby udzielonych odpowiedzi
Twoja historia wyników
Nie rozwiązałeś tego quizu